| 000 | 00608nam a2200157 4500 | ||
|---|---|---|---|
| 001 | 148010 | ||
| 003 | ES-MaACL | ||
| 007 | t| | ||
| 008 | 070214m19501959sp r ||||1| spa d | ||
| 100 | 1 |
_aStewart, Ralph W. _9108192 |
|
| 245 | 1 | 3 |
_aEl método de las transversales para el cálculo de estructuras / _cRalph W. Stewart ; traducido de la edición inglesa por Juan Lorenzo de Navascués y de Palacio. |
| 260 |
_aMadrid : _bTecnos, _c[195_?] ( _fNuevas Gráficas) |
||
| 300 |
_aXI, 127 p. : _bil. ; _c25 cm. |
||
| 700 | 1 |
_aNavascués y de Palacio, Juan Lorenzo de. _985220 |
|
| 852 |
_aES-MaACL _jE-7473 _bR.91738 |
||
| 999 |
_c148010 _d148010 |
||